अधूरा सिंहासन / (Record no. 21093)

MARC details
000 -LEADER
fixed length control field 01201nam a22002537a 4500
005 - DATE AND TIME OF LATEST TRANSACTION
control field 20090102122541.0
008 - FIXED-LENGTH DATA ELEMENTS--GENERAL INFORMATION
fixed length control field 090102t xxu||||| |||| 00| 0 hin d
010 ## - LCCN (DPL NO)
LC control number B-309558
020 ## - INTERNATIONAL STANDARD BOOK NUMBER
Terms of availability 150.00
International Standard Book Number 9788190482561
035 ## - SYSTEM CONTROL NUMBER
System control number B-309558
037 ## - SOURCE OF ACQUISITION
Source of stock number/acquisition DBAD / PUB
040 ## - CATALOGING SOURCE
Original cataloging agency DPL
Language of cataloging HN
082 ## - DEWEY DECIMAL CLASSIFICATION NUMBER
Classification number
100 ## - MAIN ENTRY--PERSONAL NAME
Personal name देवेन्द्र कुमार
245 ## - TITLE STATEMENT
Title अधूरा सिंहासन /
Statement of responsibility, etc देवेन्द्र कुमार
246 ## - VARYING FORM OF TITLE
Title proper/short title Adhura Singhasan
Remainder of title by Devendra Kumar
260 ## - PUBLICATION, DISTRIBUTION, ETC. (IMPRINT)
Place of publication, distribution, etc दिल्ली
Name of publisher, distributor, etc बुक क्राफ्ट पब्लिशर्स
Date of publication, distribution, etc 2008
270 ## - ADDRESS
Address डब्ल्यू112, ग्रेटर कैलाश पार्ट- 1
City नई दिल्ली
Postal code 110 048
300 ## - PHYSICAL DESCRIPTION
Extent 112 पृ.
Dimensions 21 सेमी (सजिल्द)
Other physical details सचित्र
650 ## - SUBJECT ADDED ENTRY--TOPICAL TERM
Source of heading or term हिन्दी बाल उपन्यास
650 ## - SUBJECT ADDED ENTRY--TOPICAL TERM
Source of heading or term Hindi Children Noval
942 ## - ADDED ENTRY ELEMENTS (KOHA)
Source of classification or shelving scheme Dewey Decimal Classification
Item type Children Books
Call number suffix देवेन्द्र
Classification part
Holdings
Withdrawn status Lost status Source of classification or shelving scheme Damaged status Not for loan Collection code Home library Current library Date acquired Source of acquisition Cost, normal purchase price Total Checkouts Full call number Barcode Date last seen Copy number Cost, replacement price Koha item type
    Dewey Decimal Classification   Not For Loan Fiction Central Library Central Library 16/01/2009 DBAD 150.00   उ देवेन्द्र B-309558 16/01/2009 1 150.00 Children Books

© Delhi Public Library
Hit Counter
free hit counter